Bilecik Bilecik Bilecik Bilecik Bilecik

Business marketing management : (Record no. 11985)

MARC details
000 -BAŞLIK
Sabit Uzunluktaki Kontrol Alanı 00973nam a22003137a 4500
001 - KONTROL NUMARASI
Control Dosyası 0012016
003 - KONTROL NUMARASI KİMLİĞİ
Kontrol Alanı KOHA_MİRAKIL
005 - EN SON İŞLEM TARİHİ ve ZAMANI
Kontrol Alanı 20260207001837.0
007 - FİZİKSEL TANIM SABİT ALAN - GENEL BİLGİ
Sabit uzunluklu kontrol alanı ta
008 - SABİT UZUNLUKTAKİ VERİ ÖGELERİ - GENEL BİLGİ
Sabit Alan 090729b2010 cn |||gr||||#||||0|Eng |
020 ## - ISBN - ULUSLARARASI STANDART KİTAP NUMARASI
Isbn 9780324581638
020 ## - ISBN - ULUSLARARASI STANDART KİTAP NUMARASI
Isbn 0324581637
Kullanılabilirlik koşulları 59,85
040 ## - KATALOGLAMA KAYNAĞI
Özgün Kataloglama Kurumu TR-BiSEU
Kataloglama Dili tur
Çeviri Kurumu TR-BiSEU
Açıklama Kuralları rda
041 0# - DİL KODU
Metin ya da ses kaydının dil kodu Eng
044 ## - YAYINLAYAN/ÜRETEN KURULUŞUN ÜLKE KODU
ISO country code cn
050 ## - SINIFLAMA ve YER NUMARASI
Sınıflama Numarası HF5415.13
Yer Numarası .H87 2010
100 1# - KİŞİ ADI
Yazar Adı (Kişi adı) Hutt, Michael D..
245 1# - ESER ADI BİLDİRİMİ
Başlık Business marketing management :
Alt Eseradı vb. B2B/
Sorumluluk Bildirimi Michael D. Hutt ; Michael D. Hutt, Thomas W. Speh.
250 ## - BASIM BİLDİRİMİ
Basım Bildirimi 10th ed.
264 #1 - ÜRERİM, YAYIN, DAĞITIM ve TELİF BİLDİRİMİ
Yayın yeri Canada :
Yayınlayan South-Western, Cengage Learning, c2010
Yayın tarihi 2010
300 ## - FİZİKSEL TANIMLAMA
Sayfa, Cilt vb. xxxiii, 652 sayfa: resimli; 26 cm.
336 ## - İÇERİK TÜRÜ
Content type term metin
Content type code txt
Source rdacontent
337 ## - MEDYA TÜRÜ
Media type term aracısız
Media type code n
Source rdamedia
338 ## - TAŞIYICI TÜRÜ
Carrier type term cilt
Carrier type code nc
Source rdacarrier
490 0# - DİZİ BİLDİRİMİ
Dizi Bildirimi International edition
650 #0 - KONU BAŞLIĞI EK GİRİŞ - KONU TERİMİ
Konusal terim veya coğrafi ad Industrial marketing--Management--Case studies.
9 (RLIN) 29161
830 0# - SERİ EK GİRİŞİ - TEKBİÇİM ESER ADI
Tekbiçim Başlık International edition
9 (RLIN) 29162
942 ## - EK GİRİŞ ÖGELERİ (KOHA)
Source of classification or shelving scheme Library of Congress Classification
Koha item type Book
Holdings
Materyal Türü Kalıcı Konum Mevcut Konum Raf Yeri Sınıflandırma Kaynağı Edinim Bilgisi Ana Konular Alt Konular Yer Numarası Demirbaş Numarası Fatura Tarihi Maliyet, Alış Fiyatı Maliyet, Yenileme Fiyatı Geri Çekilme Durumu Kayıp Durumu Hasarlı Durumu Kredi için değil Kayıt Tarih Toplam Ödünçverme Son Görülme Tarihi Son Kontrol Tarihi
Book Prof. Dr. Azmi Özcan Kütüphanesi Prof. Dr. Azmi Özcan Kütüphanesi Uluğbey Salonu Library of Congress Classification Satın SOSYAL BİLİMLER Ticaret HF5415.13 .H87 2010 0012016 23/12/2009 64.64 64.64         29/07/2009   05/12/2024 05/12/2024